000 00559nam a2200181Ia 4500
008 090123s9999 xx 000 0 und d
082 _b41628
100 _aगोळवणकर अंकुश
245 _aआजोळची वाट
250 _a1
260 _bविभासा पुस्तक महाल
_c2007
300 _a144
600 _aगोळवणकर अंकुश
630 _aआजोळची वाट
700 _aगोळवणकर अंकुश
730 _aआजोळची वाट
942 _cBOOK
999 _c79706
_d79706